000 00632nam a2200241Ia 4500
003 GCL
008 140319s9999 xx 000 0 ara d
040 _aGCL /
_cGCL
082 0 4 _a170
_bب ا
100 1 _aتوفيق الطويل
245 1 0 _aاسس الفلسفة /
_cتوفيق الطويل
260 _a[S.N] :
_bدار النهضة العربية ،
_c1979
300 _a510 ص
490 _a
650 0 4 _aالعلم
650 0 4 _aالفلسفة
650 0 4 _aالاخلاق
650 0 4 _aالجمال
650 0 4 _aالمنطق
650 0 4 _aالخير والشر
650 0 4 _aالخير
942 _2ddc
_cBK
999 _c36957
_d36957